Sustainable facilities management (SFM) practices of hotel industry in Malaysia and its impacts to the hotels and guests /
Saved in:
| Main Author: | |
|---|---|
| Format: | Thesis Book |
| Language: | English |
| Published: |
2021.
|
| Subjects: | |
| Tags: |
Add Tag
No Tags, Be the first to tag this record!
|
| LEADER | 01308nam a2200325 i 4500 | ||
|---|---|---|---|
| 001 | u1149331 | ||
| 003 | SIRSI | ||
| 005 | 202111021423 | ||
| 008 | 211102s2021 my ac m 000 0 eng | ||
| 040 | |a UMAB |e rda | ||
| 043 | |a a-my--- | ||
| 090 | |a TH3301 |b UM 2021 Khahk | ||
| 100 | 0 | |a Khairina Haneem Khamaroozaman, |e author. | |
| 245 | 1 | 0 | |a Sustainable facilities management (SFM) practices of hotel industry in Malaysia and its impacts to the hotels and guests / |c Khairina Haneem binti Khamaroozaman. |
| 264 | 1 | |c 2021. | |
| 300 | |a xi, 59 leaves : |b illustrations, portraits ; |c 30 cm | ||
| 336 | |a text |2 rdacontent | ||
| 336 | |a still image |2 rdacontent | ||
| 337 | |a unmediated |2 rdamedia | ||
| 338 | |a volume |2 rdacarrier | ||
| 502 | |b M.Fac.Maint.Mgmt. |c Jabatan Ukur Bangunan, Fakulti Alam Bina, Universiti Malaya |d 2021. | ||
| 504 | |a Bibliography: leaves 55-57. | ||
| 650 | 0 | |a Sustainable architecture |z Malaysia. | |
| 650 | 0 | |a Sustainable buildings |z Malaysia. | |
| 650 | 0 | |a Facility management |x Environmental aspects |z Malaysia. | |
| 650 | 0 | |a Hotel management |z Malaysia. | |
| 710 | 2 | |a Universiti Malaya. |b Jabatan Ukur Bangunan, |e degree granting institution. | |
| 900 | |a NNANS US | ||
| 596 | |a 11 | ||
| 999 | |a TH3301 UM 2021 KHAHK |w LC |c 1 |i A517723885 |f 1/4/2022 |g 1 |l STACKS |m P11ALMBINA |r Y |s Y |t TESIS |u 1/4/2022 | ||
